| 000 | 00607nam a2200217Ii 4500 | ||
|---|---|---|---|
| 003 | JO-AjNU | ||
| 008 | 230606s9999||||xx |||||||||||||| ||und|| | ||
| 020 | _a978-93-3290-0190-2 | ||
| 040 |
_aJO-AjNU _beng _erda _cJO-AjNU |
||
| 041 | _aeng | ||
| 050 | 1 | 4 | _aTD345.M33.1991 |
| 100 | 3 |
_aMcghee,Terence, _eauthor _94735 |
|
| 245 | 0 | 0 | _aWater Supply and Sewerage |
| 250 | _a6 ed | ||
| 264 | 3 | 1 | _aNew Delhi:Tata Mcgraw hill,1991 |
| 300 | _a602p | ||
| 336 |
_atext _btxt _2rdacontent |
||
| 337 |
_aunmediated _bn _2rdamedia |
||
| 338 |
_avolume _bnc _2rdacarrier |
||
| 650 | 4 |
_aWater Supply and Sewerage _94736 |
|
| 999 |
_aE2453 _c2451 _d2451 |
||